Temples of Himachal Pradesh : (Record no. 21118)

MARC details
000 -LEADER
fixed length control field 01023nam a22002414a 4500
005 - DATE AND TIME OF LATEST TRANSACTION
control field 20080903163048.0
008 - FIXED-LENGTH DATA ELEMENTS--GENERAL INFORMATION
fixed length control field 080128s2008 ii abf b 001 0 eng
010 ## - LCCN (DPL NO)
LC control number ENG-92561
020 ## - INTERNATIONAL STANDARD BOOK NUMBER
International Standard Book Number 9788173872105
Terms of availability 1200.00
035 ## - SYSTEM CONTROL NUMBER
System control number EN-76094
037 ## - SOURCE OF ACQUISITION
Source of stock number/acquisition DBAD / PUB
040 ## - CATALOGING SOURCE
Original cataloging agency dpl
Language of cataloging English
082 ## - DEWEY DECIMAL CLASSIFICATION NUMBER
Classification number 726.145
100 ## - MAIN ENTRY--PERSONAL NAME
Personal name Upādhyāya, Nīlamaṇi.
245 ## - TITLE STATEMENT
Title Temples of Himachal Pradesh :
Remainder of title architectural, sculptural, religious, and cultural significance /
Statement of responsibility, etc by Neelmani Upadhyay
260 ## - PUBLICATION, DISTRIBUTION, ETC. (IMPRINT)
Place of publication, distribution, etc New Delhi
Name of publisher, distributor, etc Indus Publishing
Date of publication, distribution, etc 2008
270 ## - ADDRESS
Address FS-5, Tagore Garden,
City New Delhi
Postal code 110027
300 ## - PHYSICAL DESCRIPTION
Extent 207 p., [32] p. of plates :
Other physical details ill., 1 map ;
Dimensions 25 cm (Hb)
500 ## - GENERAL NOTE
General note Includes bibliographical references and index.
650 ## - SUBJECT ADDED ENTRY--TOPICAL TERM
Topical term or geographic name as entry element Temples, Hindu
Geographic subdivision India
-- Himachal Pradesh.
942 ## - ADDED ENTRY ELEMENTS (KOHA)
Source of classification or shelving scheme Dewey Decimal Classification
Item type English Books
Call number suffix UPA
Classification part 726.145
Holdings
Withdrawn status Lost status Source of classification or shelving scheme Damaged status Not for loan Collection code Home library Current library Date acquired Source of acquisition Cost, normal purchase price Total Checkouts Full call number Barcode Date last seen Copy number Cost, replacement price Koha item type
    Dewey Decimal Classification   Not For Loan Non-fiction D.B.Act.Division D.B.Act.Division 16/01/2009 DBAD / PUB 1200.00   726.145 UPA EN-76094 16/01/2009 1 1200.00 English Books

© Delhi Public Library
Hit Counter
free hit counter